Ākhir al-dunyā (Record no. 45581)

MARC details
000 -LEADER
fixed length control field 00619cam a22002291 4500
001 - CONTROL NUMBER
control field ne 63000343
003 - CONTROL NUMBER IDENTIFIER
control field DLC
005 - DATE AND TIME OF LATEST TRANSACTION
control field 20260227111741.0
008 - FIXED-LENGTH DATA ELEMENTS--GENERAL INFORMATION
fixed length control field 960906s1961 ua 000 1 arar
010 ## - LIBRARY OF CONGRESS CONTROL NUMBER
LC control number ne 63000343
025 ## - OVERSEAS ACQUISITION NUMBER
Overseas acquisition number PL480: UAR-1418
035 ## - SYSTEM CONTROL NUMBER
System control number (OCoLC)35373592
040 ## - CATALOGING SOURCE
Original cataloging agency DLC
Transcribing agency OrPS
Modifying agency DLC
042 ## - AUTHENTICATION CODE
Authentication code premarc
050 00 - LIBRARY OF CONGRESS CALL NUMBER
Classification number PJ7838.D7
Item number A78
100 1# - MAIN ENTRY--PERSONAL NAME
Personal name Idrīs, Yūsuf
245 10 - TITLE STATEMENT
Title Ākhir al-dunyā
Statement of responsibility, etc. [taʼlīf] Yūsuf Idrīs.
260 ## - PUBLICATION, DISTRIBUTION, ETC.
Place of publication, distribution, etc. [al-Qāhirah]
Name of publisher, distributor, etc. Muʼassasat Rūz al-Yūsuf,
Date of publication, distribution, etc. 1961.
300 ## - PHYSICAL DESCRIPTION
Extent 157 p.
Dimensions 19 cm.
490 0# - SERIES STATEMENT
Series statement al-Kitāb al-dhahabī,
Volume/sequential designation 83
500 ## - GENERAL NOTE
General note Short stories.

No items available.

Powered by Koha